| 000 | 00423nam a2200181Ia 4500 | ||
|---|---|---|---|
| 005 | 20250423094511.0 | ||
| 008 | 250422s9999 xx 000 0 und d | ||
| 020 | _a0-89236-179-4 | ||
| 050 | _aN350.G37 | ||
| 100 | _aHoward Gardner | ||
| 245 | 0 | _aArt Education and Human Development | |
| 260 | _aCalifornia | ||
| 260 | _bThe J. Paul Getty Trust | ||
| 260 | _c1990 | ||
| 300 | _a63 p | ||
| 650 | _aArt | ||
| 942 | _cBK | ||
| 999 |
_c27422 _d27422 |
||